000 00387nam a22001457a 4500
082 _a530
_bGLO/P
100 _a V K GLOBAL PUBLICATION
245 _aPHYSICS XII
_bX AM IDEA
246 _aPHYSICS XII
_bPHYSICS XII
260 _aNEW DELHI
_b V K GLOBAL PUBLICATION
_c2013
300 _a876
520 _aELECTRO STATICS,CURRENT ELECTRICITY...............
650 _aPHYSICS
942 _cBK
999 _c8181
_d8181